Liverpool skład 2019/20 - Statystyki

Ogólne statystyki
  • Ten quiz został rozwiązany 510 razy
    344 od ostatniego zresetowania
  • Średni wynik to 17 z 30
Statystyki odpowiedzi
Pozycja Zawodnik % Poprawnych
BR#1 Alisson Becker
96%
PS#11 Mohamed Salah
96%
LS#10 Sadio Mané
95%
ŚO#4 Virgil van Dijk
94%
PO#66 Trent Alexander-Arnold
90%
LO#23 Andrew Robertson
87%
ŚP#14 Jordan Hendrson
85%
ŚO#32 Joel Matip
83%
ŚO#12 Joe Gomez
80%
ŚP#3 Fabinho
78%
N#27 Divock Origi
76%
ŚP#7 James Milner
73%
BR#13 Adrián
72%
N#9 Roberto Firmino
72%
SP#5 Georginio Wijnaldum
65%
ŚO#6 Dejan Lovren
63%
ŚP#8 Naby Keïta
63%
PS#23 Xherdan Shaqiri
49%
ŚP#19 Alex Oxlade-Chamberlain
46%
PO#2 Nathaniel Clyne
45%
BR#62 Caoimhin Kelleher
41%
ŚP#48 Curtis Jones
34%
ŚP#20 Adam Lallana
32%
PS#67 Harvey Elliott
32%
ŚO#72 Sepp van den Berg
22%
N#24 Rhian Brewster
13%
ŚO#51 Ki-Jana Hoever
12%
BR#22 Andy Lonergan
8%
LS#40 Ryan Kent
5%
LO#65 Yasser Larouci
5%
Nie znaleziono quizów pasujących do podanych kryteriów
Rozkład punktacji
Procent ludzi z każdym wynikiem
Percentyl według liczby udzielonych odpowiedzi
Twoja historia wyników
Nie rozwiązałeś tego quizu od ostatniego zresetowania